000 00226nam a22000977a 4500
999 _c264409
_d264408
020 _a0439188741
100 _aMike Thaler
245 _aThe Custodian from the Black Lagoon
260 _aNew York
_bScholastic
_c2001
942 _cBK